00580nam a22001697a 450000500170000001000150001702000260003203500140005803700130007208200120008510000200009724500940011726000390021127000550025030000210030550500840032620170627152633.0 aENG-118956 a9788125056096c125.00 aEN-102488 bDBAD/PUB a880.945 aSengupta, Arjun aVictorian Literature and modern Indian literature /cby Arjun Sengupta [and] Jayati Gupta aTelanganabOrient Blackswan c2014 a3-6-752 Himayatnagar, HyderabadbTelanganae500029 a377p.c22cm(pbk) aDavagere university prescribed for semester v of the Ba optical english course